Bienvenue à la Médiathèque de Saint-Andiol
banniere
Accueil Recherche avancée Mon compte
handi1 Rechercher dans le catalogue

Filtre   Mots-clés
  Recherche avancée
 
Lister les dernières nouveautés
 
Lister les livres GROS CARACTERES
 
Lister les périodiques (magazines)

handi1 Bête (La)

<< Retourner aux résultats de la recherche
Book Cover
Auteur principal : Kenneth Cook
Autres auteurs : Pierre Brévignon
Titre : Bête (La)
Support : Livres
Langue : Francais
Genre : Roman
Sujets :
Étiquettes :
Pas de tags
LEADER 00874nam0a2200205 450
001 16867040
010 |a 978-2-7467-1583-7  |b br.  |d 19 € 
100 |a 20140131d2014 u u0frey01 ba 
101 1 |a fre  |c fre 
102 |a FR 
200 0 |a Bête (La)  |f Kenneth Cook  |g traduit de l'anglais par Pierre Brévignon 
207 1 |a   
215 |a 270 p.  |d 22 x 15 cm 
330 |a Alan Treval, spécialiste de la faune australienne, est entraîné avec son jeune fils dans la traque haletante d'une bête énorme pratiquement aussi intelligente que l'homme. Une poursuite cauchemardesque sur fond de catastrophe écologique. 
606 0 |a Littérature australienne 
700 0 |a Cook  |b Kenneth  |f 1929-1987  |4 70 
702 0 |a Brévignon  |b Pierre  |4 730 
900 |a Roman 
901 |a Adultes 
995 |a Médiathèque  |c Médiathèque  |f 00156008798019  |h 00156008798019  |k R COO  |o p  |q a  |r az  |e Médiathèque